Pocket guide to herbal medicine / (رقم التسجيلة. 22041)
[ عرض عادي ]
| 000 -الفاتح | |
|---|---|
| حقل البيانات ثابتة الطول | 01072cam a22002894a 4500 |
| 001 - رقم الضبط | |
| رقم الضبط | 13684879 |
| 003 - محدد رقم الضبط | |
| رقم الضبط | OSt |
| 005 - وقت وتاريخ اخر تعامل مع التسجيلة | |
| رقم الضبط | 20150408114021.0 |
| 008 - عناصر البيانات ثابتة الطول - معلومات عامة | |
| حقل البيانات ثابتة الطول | 040811s2004 gw bf 001 0 eng |
| 010 ## - رقم ضبط مكتبة الكونجرس | |
| رقم ضبط مكتبة الكونجرس | 2004556517 |
| 020 ## - الرقم الدولى المعيارى للكتب | |
| الرقم الدولى المعيارى للكتاب | 313126991X (GTV : pbk.) |
| 020 ## - الرقم الدولى المعيارى للكتب | |
| الرقم الدولى المعيارى للكتاب | 1588900630 (TNY : pbk.) |
| 040 ## - مصدر الفهرسة | |
| وكالة الفهرسة الأصلية | DLC |
| وكالة النسخ | DLC |
| وكالة التعديل | DLC |
| 042 ## - رمز التحقق | |
| رمز التحقق | pcc |
| 050 00 - رقم طلب مكتبة الكونجرس | |
| رقم التصنيف | RM666.H33 |
| رقم المادة | K73 2004 |
| 082 00 - رقم تصنيف ديوى العشرى | |
| رقم التصنيف | 615.321 |
| رقم الطبعة | 22 |
| 100 1# - المدخل الرئيسى - إسم شخصى | |
| الإسم الشخصى | Kraft, K. |
| الشكل الأكمل للاسم | (Karin) |
| 9 (RLIN) | 11404 |
| 245 10 - بيان العنوان | |
| العنوان | Pocket guide to herbal medicine / |
| بيان المسئوليه,etc | Karin Kraft, Christopher Hobbs ; foreword by Jonathan Treasure. |
| 260 ## - PUBLICATION, DISTRIBUTION, ETC. (IMPRINT) | |
| مكان الناشر او الموزع | Stuttgart ; |
| -- | New York : |
| اسم الناشر او الموزع | Thieme, |
| تاريخ النشر أو التوزيع | c2004. |
| 300 ## - الوصف المادى | |
| التعداد | xi, 491 p. ; |
| أبعاد الوعاء | 18 cm. |
| 504 ## - تبصرة ببليوجرافية | |
| تبصرة ببليوجرافية,الخ | Includes bibliographical references (p. 477) and index. |
| 650 #0 - المدخل الاضافى بالموضوع-مصطلح موضوعى | |
| مصطلح موضوعي أو اسم جغرافي كعنصر مدخل | Herbs |
| التقسيم الفرعي العام | Therapeutic use |
| التقسيم الفرعي الشكلي | Handbooks, manuals, etc. |
| 9 (RLIN) | 11405 |
| 700 1# - المدخل الاضافى - اسم شخصى | |
| الإسم الشخصى | Hobbs, Christopher. |
| 9 (RLIN) | 11406 |
| 856 42 - الوصول و الموقع الالكترونى | |
| مواد محددة | Book review (E-STREAMS) |
| معرف المصدر الموحد | <a href="http://www.e-streams.com/es0808/es0808_4271.html">http://www.e-streams.com/es0808/es0808_4271.html</a> |
| 942 ## - عناصر المدخل الإضافي( كوها) | |
| مصدر التصنيف او مخطط الترفيف | Dewey Decimal Classification |
| Koha [default] item type | كتاب |
| حالة الفقد | نموذج السعر الفعال | حالة تلف | ليس للاعارة | رقم الطلب | تاريخ الاكتساب | الموقع الحالي | الباركود | الفرع الرئيسي | Date last seen | نوع المادة فى نظام كوها | مصدر التصنيف او خطة الترفيف | Total Checkouts |
|---|---|---|---|---|---|---|---|---|---|---|---|---|
| 2013-03-10 | 615.321 K K P | 2012-04-18 | مكتبة كلية العلوم الطبية التطبيقية بالمجمعة - طالبات (AMF) | 00076419 | مكتبة كلية العلوم الطبية التطبيقية بالمجمعة - طالبات (AMF) | 2013-03-10 | كتاب | Dewey Decimal Classification | ||||
| 2013-03-10 | 615.321 K K P | 2012-04-18 | مكتبة كلية العلوم الطبية التطبيقية بالمجمعة - طالبات (AMF) | 00076418 | مكتبة كلية العلوم الطبية التطبيقية بالمجمعة - طالبات (AMF) | 2013-03-10 | كتاب | Dewey Decimal Classification | ||||
| 2013-03-10 | 615.321 K K P | 2012-04-18 | مكتبة كلية العلوم الطبية التطبيقية بالمجمعة - طالبات (AMF) | 00076417 | مكتبة كلية العلوم الطبية التطبيقية بالمجمعة - طالبات (AMF) | 2013-03-10 | كتاب | Dewey Decimal Classification | ||||
| 2013-03-10 | 615.321 K K P | 2012-04-18 | مكتبة كلية العلوم الطبية التطبيقية بالمجمعة - طالبات (AMF) | 00076416 | مكتبة كلية العلوم الطبية التطبيقية بالمجمعة - طالبات (AMF) | 2013-03-10 | كتاب | Dewey Decimal Classification |
